000 00656nam a2200241Ia 4500
003 OSt
005 20220925220608.0
006 a|||||r|||| 00| 0
007 ta
008 220923b |||||||| |||| 00| 0 eng d
037 _cGeneral Book
040 _aRTL
_cRTL
_beng
041 _2eng
_aeng
082 _aY:47, L2
100 _aBanks J A
_9124495
245 0 _aSociology of social movements
260 _aLondon
_bMacmillan
_c1972
300 _a62p
_ccm.
490 _aStudies in Sociology. Ed by Anthony Giddens
650 _aSocial Movements
_934468
942 _hY:47, L2
_cGB
_2CC
999 _c571862
_d571862